Statistiques concernant Tous les Drapeaux en formes de Pays

Cliquez ici pour prendre le quiz!

Statistiques générales

  • Ce quiz a été pris 31 144 fois
  • Le résultat moyen est 94 sur 196

Statistiques - réponses

Réponse% Correct
France
100%
Royaume-Uni
98%
Canada
96%
Chine
95%
Etats-Unis
95%
Suisse
91%
Australie
90%
Grèce
88%
Belgique
85%
Italie
85%
Allemagne
84%
Espagne
84%
Inde
84%
Portugal
84%
Islande
83%
Norvège
83%
Turquie
82%
Argentine
81%
Mexique
80%
Russie
80%
Ukraine
80%
Brésil
78%
Croatie
78%
Nouvelle-Zélande
78%
Chili
77%
Jamaïque
77%
Israël
76%
Suède
76%
Danemark
75%
Viêt Nam
73%
Afrique du Sud
72%
Irlande
72%
Japon
71%
Chypre
69%
Algérie
68%
Corée du Nord
67%
Finlande
67%
Autriche
66%
Cuba
66%
Estonie
66%
Pologne
66%
Maroc
65%
Tunisie
65%
Indonésie
64%
Albanie
63%
Colombie
63%
Liban
63%
Pays-Bas
63%
Roumanie
62%
Égypte
61%
Malte
61%
Pakistan
61%
République tchèque
61%
Bangladesh
60%
Kazakhstan
60%
Panama
60%
Sénégal
60%
Slovaquie
59%
Arabie Saoudite
58%
Iran
58%
Luxembourg
58%
Uruguay
58%
Corée du Sud
57%
Qatar
57%
Thaïlande
57%
Venezuela
57%
Côte d'Ivoire
56%
Malaisie
56%
Philippines
55%
Bulgarie
54%
Cameroun
54%
Macédoine du Nord
54%
Serbie
54%
Laos
53%
Mali
53%
Nigeria
53%
Bosnie-Herzégovine
52%
Équateur
52%
Géorgie
52%
Kosovo
52%
République démocratique du Congo
52%
Cambodge
51%
Pérou
51%
Slovénie
51%
Kenya
50%
Somalie
50%
Vatican
50%
Irak
49%
Madagascar
49%
Moldavie
49%
Ouzbékistan
48%
Arménie
47%
Biélorussie
47%
Lettonie
47%
Monténégro
47%
Angola
46%
Azerbaïdjan
46%
Costa Rica
46%
Émirats arabes unis
46%
Hongrie
46%
Syrie
46%
Haïti
44%
Singapour
44%
Andorre
43%
Mongolie
43%
Sri Lanka
43%
Afghanistan
42%
Paraguay
41%
Saint-Marin
41%
Taïwan
41%
Bhoutan
40%
Honduras
40%
Birmanie
39%
Gabon
39%
Turkménistan
39%
Éthiopie
38%
Ghana
38%
Mozambique
38%
Papouasie-Nouvelle-Guinée
38%
Tchad
38%
Kirghizistan
37%
Mauritanie
37%
Bénin
36%
Burkina Faso
36%
Liberia
36%
Liechtenstein
36%
Monaco
36%
Nicaragua
36%
Ouganda
36%
République du Congo
36%
Libye
35%
Népal
35%
Barbade
34%
Guatemala
34%
Guinée
34%
Lituanie
34%
Niger
34%
République Centrafricaine
34%
Salvador
34%
Érythrée
33%
Koweït
33%
Malawi
33%
République dominicaine
33%
Togo
33%
Zambie
33%
Jordanie
32%
Namibie
32%
Tanzanie
32%
Bahamas
31%
Seychelles
31%
Tadjikistan
31%
Gambie
30%
Sainte-Lucie
30%
Botswana
29%
Brunei
29%
Eswatini
29%
Soudan
29%
Yémen
29%
Bahreïn
28%
Belize
28%
Lesotho
28%
Palaos
28%
Burundi
27%
Oman
27%
Trinité-et-Tobago
27%
Comores
26%
Bolivie
25%
Djibouti
25%
Fidji
25%
Soudan du Sud
24%
Suriname
24%
Timor oriental
24%
Zimbabwe
24%
Dominique
23%
Guinée-Bissau
23%
Guyana
23%
Île Maurice
23%
Nauru
23%
Sierra Leone
23%
Rwanda
22%
Antigua-et-Barbuda
21%
Samoa
21%
Saint-Christophe- et-Niévès
20%
Grenade
19%
Guinée équatoriale
19%
Micronésie
19%
Saint-Vincent-et-les-Grenadines
18%
Îles Marshall
16%
Salomon
16%
Vanuatu
15%
Cap-Vert
14%
Kiribati
14%
Maldives
14%
Tuvalu
14%
Sao Tomé-et-Principe
13%
Tonga
13%

Distribution des résultats

Percentile par nombre de réponses

% des personnes avec chaque résultat

Votre développement - résultats

Vous n’avez pas pris ce quiz